Axis conquest in WW2 (in order)- Hard - Statistics

General Stats
  • This quiz has been taken 1,188 times
    1,186 since last reset
  • The average score is 10 of 30
Answer Stats
Hint Answer % Correct
1939, Germany Poland
100%
1940, Germany Denmark
86%
1940, Germany France
81%
1940, Germany Norway
80%
1940, Germany Belgium
79%
1940, Germany Netherlands
79%
1940, Germany Luxembourg
74%
1941, Italy-Germany Greece
42%
1941, Italy Slovenia
33%
1941, Italy Croatia
32%
1941, Italy Bosnia
30%
1941, Italy Montenegro
27%
1941, Romania Moldova
25%
1941, Germany Serbia
24%
1941, Germany Estonia
21%
1941, Germany Latvia
21%
1941, Germany Lithuania
21%
1942, Germany Ukraine
21%
1940, Japan Vietnam
21%
1941, Germany Belarus
20%
1941, Germany Kosovo
17%
1941, Japan Cambodia
16%
1941, Germany Macedonia
16%
1941, Japan Malaysia
14%
1941, Japan Philippines
13%
1942, Japan Singapore
12%
1942, Japan Indonesia
10%
1941, Japan Brunei
8%
1942, Japan Burma
8%
1945, Japan Laos
6%
No matching quizzes found
Score Distribution
Percent of People with Each Score
Percentile by Number Answered
Your Score History
You have not taken this quiz since the last reset